Liedtext Chip & Chap - Statistiken

Allgemein
  • Dieses Quiz wurde 129 mal gespielt
  • Das Durchschnittsergebnis liegt bei 103 aus 123
Antwortstatistiken
Antwort % Korrekt
Chap
98%
Chip
98%
des
97%
Rechts
97%
und
96%
Ritter
95%
Böse
88%
den
86%
es
86%
sie
86%
Sie
86%
Fall
85%
geht
84%
jeden
84%
schlecht
84%
sind
83%
lösen
82%
auch
81%
Bösen
81%
das
81%
der
80%
sich
80%
Zeit
80%
auf
79%
Diebe
79%
hat
79%
tun
79%
auszuruhen
78%
Räuber
78%
was
78%
doch
77%
nie
77%
ist
74%
zwei
74%
für
73%
Spur
72%
Weg
72%
Ganoventour
71%
Liebe
71%
schwer
71%
dich
70%
ganz
70%
bereit
69%
ihrer
68%
weit
67%
schon
65%
stets
53%
gehn'
48%
am
40%
gut
38%
wird
38%
Ende
37%
alles
34%
Mut
33%
ihrem
28%
bei
9%
Keine übereinstimmenden Quizze gefunden
Verteilung der Resultate
Anzahl Personen mit jedem Resultat
Perzentil nach korrekt beantworteten Fragen
Ihre Resultats-Entwicklung
Sie haben dieses Quiz noch nicht gespielt